| LEADER |
00866nam0a2200217 450 |
| 001 |
16847902 |
| 010 |
|
|
|a 2-10-049251-9
|b Br.
|d 21
|
| 100 |
|
|
|a 20050502d2005 u u0frey01 ba
|
| 101 |
0 |
|
|a fre
|
| 102 |
|
|
|a FR
|
| 200 |
0 |
|
|a Se libérer de la honte
|e les chemins vers une meilleure estime de soi
|f Patricia Potter-Efron, Ronald Potter-Efron
|
| 207 |
|
1 |
|a
|
| 210 |
|
|
|a Paris
|c InterEditions
|d 2005
|
| 215 |
|
|
|a 208 p.
|d 24 x 16 cm
|
| 225 |
1 |
|
|a Epanouissement personnel et professionnel
|
| 330 |
|
|
|a Apprend à se libérer des sentiments de honte excessifs à l'aide d'exemples de la vie quotidienne et d'exercices.
|
| 700 |
|
0 |
|a Potter-Efron
|b Patricia
|4 70
|
| 701 |
|
0 |
|a Potter-Efron
|b Ronald T.
|4 70
|
| 900 |
|
|
|a Documentaire
|
| 901 |
|
|
|a Accessible au prêt
|
| 995 |
|
|
|a Bibliothèque
|c Bibliothèque
|f 00156006285266
|h 00156006285266
|k 152.4 POT
|o p
|q a
|r az
|e Bibliothèque
|